000 01766nam a2200385 c 4500
003 BLK
005 20250325113402.0
008 180410b bul|||||r ||||||| ||bul||
010 _aKNG00156445000
020 _a978-954-8186-79-7
_bиздат.: Санома Блясък България
040 _aBLK
041 _aBUL
_cBUL
072 7 _2bullib
_aН83
_xЧужда художествена литература Н
080 _aАмериканска литература (на САЩ)
_b821.111(73)
_x-31
_z821.111(73)-31
700 1 _aГарууд, Джули
_e*
_951452
700 1 _aГабровска, Дори Генадиева
_d1969 -
_eпрев. от англ.
_950364
100 1 _aГаруд, Джули
_d1946 -
_eпърви автор
_951448
139 _aГарууд, Джули
_bГ 23
245 1 0 _aБавно изгаряне
_bРоман
_c* Джули Гарууд; Джули Гаруд; прев. от англ. Дори Генадиева Габровска.
250 _a2. изд.
257 _aUSA
260 София
_bСанома Блясък България
_c2012
_fСофия : Инвестпрес
300 _a216 с.
_c20 см
380 _aX
490 1 _aСветовни бестселъри
_v7
500 _a1. изд. 2008 на изд. Хермес в Мегаселър. - Ориг. загл. Slow Burn / Julie Garwood. - Разпространява се само със сп. Журнал за жената.
653 _aромани
659 _aН
852 _aЦб 268025
856 4 _qpdf
_u
856 4 _qpdf
_u
942 _cKNG
_n0
_014
944 _aCR
_c11.02.2014
_lМартин Енчев
_k30575
944 _aED
_c10.02.2016
_lф /
_kВиолета_Тройчева
999 _c150135
_d150135